000 00226nam a22000857a 4500
008 160715b xxu||||| |||| 00| 0 eng d
100 _92923
_aGupta R.G
245 _aComposite Mathematics
260 _aNew Delhi
_bArya Publication
_c2009
999 _c2488
_d2488